Southville International School and Colleges
Your cart is empty.
  • Cart
  • Lists
    Public lists Eva Luna New books Lux_list list_1
    Your lists Log in to create your own lists
  • Log in to your account
  • Your cookies
  • Search history
Southville International School and Colleges
  • Advanced search
  • Recent comments
  • Most popular
  • Libraries

Log in to your account

Log in with GOOGLE


If you do not have an external account, but do have a local account, you can still log in:

  1. Home
  2. MARC view: Friends stick together.
Normal view MARC view ISBD view

Friends stick together. (Record no. 114987)

[ view plain ]
MARC details
000 -LEADER
fixed length control field 00396nam a2200157 a 4500
005 - DATE AND TIME OF LATEST TRANSACTION
control field 20140414132119.0
008 - FIXED-LENGTH DATA ELEMENTS--GENERAL INFORMATION
fixed length control field 140122s19uu xx 00 eng d
020 ## - INTERNATIONAL STANDARD BOOK NUMBER
International Standard Book Number 0439232262
050 ## - LIBRARY OF CONGRESS CALL NUMBER
Classification number ER
Item number Fr91 2001
100 ## - MAIN ENTRY--PERSONAL NAME
Personal name Ziefert, Harriet
245 ## - TITLE STATEMENT
Title Friends stick together.
260 ## - PUBLICATION, DISTRIBUTION, ETC. (IMPRINT)
Place of publication, distribution, etc New York :
Name of publisher, distributor, etc Scholastic Inc,
Date of publication, distribution, etc c2001.
300 ## - PHYSICAL DESCRIPTION
Extent 32
650 ## - SUBJECT ADDED ENTRY--TOPICAL TERM
Topical term or geographic name as entry element Friends-
General subdivision fiction
Holdings
Withdrawn status Lost status Damaged status Home library Current library Shelving location Date acquired Source of acquisition Total Checkouts Full call number Barcode Date last seen Price effective from Koha item type
      Munich Library Munich Library Easy Reading Section 01/22/2014     ER Fr91 2001 M6937 04/14/2014 04/14/2014 Books

Friends stick together.

APA

Ziefert H., . (2001). Friends stick together. New York: Scholastic Inc.

Chicago

Ziefert Harriet, . 2001. Friends stick together. New York: Scholastic Inc.

Harvard

Ziefert H., . (2001). Friends stick together. New York: Scholastic Inc.

MLA

Ziefert Harriet, . Friends stick together. New York: Scholastic Inc. 2001.

  • Place hold
  • Print
  • Cite
  • Add to your cart (remove)
  • Save record
    BIBTEX Dublin Core MARCXML MARC (non-Unicode/MARC-8) MARC (Unicode/UTF-8) MARC (Unicode/UTF-8, Standard) MODS (XML) RIS
  • More searches
    Search for this title in:
    Other Libraries (WorldCat) Other Databases (Google Scholar) Online Stores (Bookfinder.com) Open Library (openlibrary.org)

Exporting to Dublin Core...

SOUTHVILLE LIBRARY

Southville International School and Colleges Library

1281 Tropical Ave. Cor. Luxembourg St., BF Homes International, Las Pinas City

Tel. No. 8256374 / 252358 Loc. 117/146

Powered by Koha